Die Auswirkung von Meloxicam bei an Puerperaler Septikämie und Toxämie erkrankten Muttersauen und deren Saugferkel sowie die Beeinflussung des Akute-Phase-Proteins Haptoglobin im Puerperalzeitraum von Schweinen /

Bibliographic Details
Main Author: Wagner, Thomas
Format: Thesis Book
Language:German
Published: [Place of publication not identified] : [publisher not identified], 2006.

MARC

Tag First Indicator Second Indicator Subfields
LEADER 00000cam a2200000Ka 4500
001 in00004530751
005 20191205081802.0
008 070419s2006 xx a bm 000 0 ger d
035 |a (OCoLC)ocn123288591 
035 |a (OCoLC)123288591 
035 |z (UtOrBLW)63408 
035 |a 90766 
040 |a IWA  |c IWA  |d UtOrBLW 
049 |a TMVM 
100 1 |a Wagner, Thomas. 
245 1 4 |a Die Auswirkung von Meloxicam bei an Puerperaler Septikämie und Toxämie erkrankten Muttersauen und deren Saugferkel sowie die Beeinflussung des Akute-Phase-Proteins Haptoglobin im Puerperalzeitraum von Schweinen /  |c von Thomas Wagner. 
264 1 |a [Place of publication not identified] :  |b [publisher not identified],  |c 2006. 
300 |a 163 pages :  |b illustrations ;  |c 21 cm. 
336 |a text  |2 rdacontent  |b txt 
337 |a unmediated  |2 rdamedia 
338 |a volume  |2 rdacarrier  |b nc 
502 |b doctoral  |c Ludwig-Maximilians-Universität München  |d 2006. 
500 |a Summary in English. 
504 |a Includes bibliography. 
994 |a C0  |b TMV 
999 |a MARS 
999 f f |s 3d7931e3-18b6-3e11-a3ce-77a1791b80fd  |i bfed025a-777a-3d30-a6c5-c057c025b3c0  |t 0 
952 f f |p preservation  |a Texas A&M University  |b J.J. Pickle Campus  |c High Density Repository  |d Remote Storage  |t 0  |e German dissertations  |h Other scheme  |i unmediated -- volume  |m 3238902453095 
998 f f |a German dissertations  |t 0  |l Remote Storage